Kooperation als Schlüssel zum Erfolg: Polizei, Justiz und kommunale Netzwerke in der Prävention geschlechtsspezifischer und häuslicher Gewalt

Guardado en:  
Detalles Bibliográficos
Autores principales: Killius, Lucia 1985- (Autor) ; Kadera, Stepanka 1976- (Autor) ; Görgen, Thomas (Autor) ; Liel, Christoph 1973- (Autor)
Tipo de documento: Print Artículo
Lenguaje:Alemán
Publicado: 2025
En: Forum Kriminalprävention
Año: 2025, Número: 3, Páginas: 11-13
Verificar disponibilidad: HBZ Gateway
Palabras clave:

MARC

LEADER 00000caa a2200000 c 4500
001 1960918133
003 DE-627
005 20260317095042.0
007 tu
008 260212s2025 xx ||||| 00| ||ger c
035 |a (DE-627)1960918133 
035 |a (DE-599)KXP1960918133 
040 |a DE-627  |b ger  |c DE-627  |e rda 
041 |a ger 
084 |a 2,1  |2 ssgn 
100 1 |a Killius, Lucia  |d 1985-  |e VerfasserIn  |0 (DE-588)1242132406  |0 (DE-627)1772068055  |4 aut 
109 |a Killius, Lucia 1985- 
245 1 0 |a Kooperation als Schlüssel zum Erfolg  |b Polizei, Justiz und kommunale Netzwerke in der Prävention geschlechtsspezifischer und häuslicher Gewalt  |c Lucia Killius, Stepanka Kadera, Thomas Görgen & Christoph Liel 
264 1 |c 2025 
336 |a Text  |b txt  |2 rdacontent 
337 |a ohne Hilfsmittel zu benutzen  |b n  |2 rdamedia 
338 |a Band  |b nc  |2 rdacarrier 
500 |a Literaturverzeichnis: Seite 13 
650 4 |a Gewaltprävention  |7 (dpeaa)DE-21/26-fid2,1 
650 4 |a Gewalt gegen Frauen  |7 (dpeaa)DE-21/26-fid2,1 
650 4 |a Cybercrime  |7 (dpeaa)DE-21/26-fid2,1 
650 4 |a Kriminalprävention  |7 (dpeaa)DE-21/26-fid2,1 
650 4 |a Polizeiarbeit  |7 (dpeaa)DE-21/26-fid2,1 
650 4 |a Kooperation  |7 (dpeaa)DE-21/26-fid2,1 
700 1 |a Kadera, Stepanka  |d 1976-  |e VerfasserIn  |0 (DE-588)1043271392  |0 (DE-627)771319428  |0 (DE-576)39460153X  |4 aut 
700 1 |a Görgen, Thomas  |e VerfasserIn  |0 (DE-588)11269599X  |0 (DE-627)584488661  |0 (DE-576)168776995  |4 aut 
700 1 |a Liel, Christoph  |d 1973-  |e VerfasserIn  |0 (DE-588)117565146X  |0 (DE-627)1046940457  |0 (DE-576)516374745  |4 aut 
773 0 8 |i Enthalten in  |t Forum Kriminalprävention  |d Hilden : Verl. Dt. Polizeiliteratur, 2001  |g (2025), 3, Seite 11-13  |w (DE-627)338479147  |w (DE-600)2064180-1  |w (DE-576)096004843  |x 1618-4912  |7 nnas 
773 1 8 |g year:2025  |g number:3  |g pages:11-13 
951 |a AR 
ELC |b 1 
LOK |0 000 xxxxxcx a22 zn 4500 
LOK |0 001 4937410563 
LOK |0 003 DE-627 
LOK |0 004 1960918133 
LOK |0 005 20260317095042 
LOK |0 008 260317||||||||||||||||ger||||||| 
LOK |0 040   |a DE-2619  |c DE-627  |d DE-2619 
LOK |0 092   |o n 
LOK |0 852   |a DE-2619 
LOK |0 852 1  |9 00 
LOK |0 935   |a ifka 
LOK |0 939   |a 2026-03-17  |b l01 
ORI |a WA-MARC-krimdoka001.raw